=LDR 00000nam 2200000 4500 =001 INLIS000000000028291 =005 20130612130615 =008 ***********************************Ind** =035 ##$$0010-061300000028291 =041 ##$$a Ind =082 ##$$a 711.58 =090 ##$$a 711.58, Kom m =100 ##$$a Komarudin =245 ##$$a Menelusuri pembangunan perumahan dan permukiman, Komarudin; editor Agusman Effen; Anto Amin =260 ##$$a 1997 $b Jakarta =300 ##$$a xvii, 387 hlm, ilus, 22 cm =650 ##$$a Pemukiman =850 ##$$a NBPNMAT